000 00817cam a2200253 a 4500
001 000005531
005 20200929151713.0
008 940307s1993 sp a b 000 0 spa
020 _a843760947X
040 _aDO-SdBNP
_cDLC
082 _a861.3
_bJ41p
100 1 _aJáuregui y Aguilar, Juan de,
_d1583-1641.
_915638
245 1 0 _aPoesía /
_cJuan de Jáuregui ; edición de Juan Matas Caballero.
260 _aMadrid :
_bCátedra,
_c1993.
300 _a613 p. :
_bil. ;
_c18 cm.
490 1 _aLetras hispánicas
_v362
504 _aIncluye referencias bibliográficas : p (121-130).
650 4 _aPoesía española
_9631
650 4 _aLiteratura española
_9632
700 1 _aMatas Caballero, Juan.
_915639
830 0 _aLetras hispánicas ;
_v362
_94208
910 _aCatalogación por copia / LC
910 _aWM
999 _c5330
_d5330